The fall of the Roman Empire (Registro nro. 303893)

Detalles MARC
000 -ENCABEZADO
Número de control [NR] 01051cam a2200301Ma 4500
001 - NÚMERO DE CONTROL
control field ocn872130101
005 - FECHA Y HORA DE LA ÚLTIMA TRANSACCIÓN
control field 20170710152256.0
008 - DE LONGITUD FIJA DE DATOS DE ELEMENTOS - INFORMACIÓN GENERAL
Elementos de longitud fija [NR] 160808s2006 enkab rb 001 0 eng d
010 ## - NUMERO DE CONTROL DE LA BIBLIOTECA DEL CONGRESO (LC) [NR]
Numero de control LC Cancelado/invalido [R] 2005047345
020 ## - NUMERO INTERNACIONAL NORMALIZADO PARA LIBROS [R]
ISBN Cancelado/ Invalidado [R] 9780195159547
020 ## - NUMERO INTERNACIONAL NORMALIZADO PARA LIBROS [R]
ISBN Cancelado/ Invalidado [R] 9780195325416
020 ## - NUMERO INTERNACIONAL NORMALIZADO PARA LIBROS [R]
ISBN Cancelado/ Invalidado [R] 9780199978618
035 ## - NUMERO DE CONTROL DEL SISTEMA [R]
Número de control del sistema [NR] (OCoLC)872130101
040 ## - FUENTE DE CATALOGACION [NR]
Agencia de catalogación original [NR] Co-BoUCM
Idioma de catalogación [NR] fre
Quien Cataloga Saul Niño
Quien Clasifica Saul Niño
041 0# - CODIGO DE IDIOMA [R]
Código de idioma para texto/pista de sonido o título separado [R] Inglés
100 1# - ASIENTO PRINCIPAL--NOMBRE PERSONAL [NR]
Nombre personal [NR] Heather, Peter J.
ID Autoridad 78487
245 14 - MENCION DE TITULO [NR]
Título [NR] The fall of the Roman Empire
Parte restante del título [NR] a new history of Rome and the barbarians
Mención de responsabilidad, etc. [NR] Peter Heather
260 ## - PUBLICACION, DISTRIBUCION, ETC. (PIE DE IMPRENTA) [R]
Lugar de publicación, distribución, etc. [R] Oxford (Inglaterra)
Nombre del editor, distribuidor, etc. [R] Oxford University Press
Fecha de publicación, distribución, etc. [R] 2006
300 ## - DESCRIPCION FISICA [R]
Extensión [R] xvi,572 páginas
Otros detalles físicos [NR] ilustraciones, mapas
546 ## - NOTA DE IDIOMA [R]
Nota de idioma [NR] Texto en inglés
611 27 - ASIENTO SECUNDARIO DE MATERIA - NOMBRE DE LA REUNION [R]
Nombre de la reunión o nombre de la jurisdicción como elemento de entrada [NR] Germania invasión de Roma
9 (RLIN) 78488
651 #0 - ASIENTO SECUNDARIO DE MATERIA - NOMBRE GEOGRAFICO [R]
Nombre geográfico [NR] Roma
Subdivisión general [R] Historia
Subdivisión cronológica [R] Imperio, 30 a. C.-476 d. C.
9 (RLIN) 78489
651 #0 - ASIENTO SECUNDARIO DE MATERIA - NOMBRE GEOGRAFICO [R]
Nombre geográfico [NR] Roma
Subdivisión general [R] Historia
Subdivisión cronológica [R] Invasiónes germanicas
9 (RLIN) 84456
651 #7 - ASIENTO SECUNDARIO DE MATERIA - NOMBRE GEOGRAFICO [R]
Nombre geográfico [NR] Roma (Imperio)
Fuente del encabezamiento o término [NR] fast
9 (RLIN) 78491
690 #0 - ASUNTO AGREGADO LOCAL DE ENTRADA - TÉRMINO TEMÁTICO (OCLC, RLIN)
Acceso temático local Historia universal
9 (RLIN) 16951
942 ## - ELEMENTOS DE ENTRADA AGREGADOS (KOHA)
Sistema de clasificación DEWEY
Tema principal Historia
Tipo de ítem principal el descrito en 300a Libro
Edición 1
Clasificación 937.09
Parte restante de la signatura top. H441ro
Existencias
Fecha de último préstamo Total préstamos Signatura topográfica Código de barras Última vez visto Ejemplar Costo de reposición Price effective from Tipo de ítem Perdido Sistema de clasificación Dañado No prestable Tipo de ítem específico Suprimido Ubicación habitual Ubicación actual Localización Fecha de creación Proveedor Forma de adquisición Costo
20/10/2016 1 937.09 H441ro 100149981 09/12/2025 Ej.1 26000.00 29/07/2016 Libro   DEWEY     Libro   Claustro Claustro 2do piso 29/07/2016 12 Donación 0.00